| 000 | 00845nam a22002897a 4500 | ||
|---|---|---|---|
| 003 | CHAP | ||
| 005 | 20220329140522.0 | ||
| 008 | 971013s1984 us a r 00010 eng d | ||
| 010 | _a53219 | ||
| 011 | _a54191 | ||
| 035 | _a58342 | ||
| 040 | _cCHAP | ||
| 082 | 0 | 4 |
_a580 _bR6 1984 |
| 100 | 0 | 0 |
_aRost, Thomas L. _9100235 |
| 245 | 1 | _aBotany ; a brief introduction to plant biology | |
| 250 | _a2 ed. | ||
| 260 |
_aNew York : _bWiley, _c1984 |
||
| 300 |
_a342 p. _b; apénd. : ilus. |
||
| 590 |
_aBATCH-UPD _b10 _c20130110 _lUCH01 _h1819 |
||
| 590 |
_aBATCH-UPD _b10 _c20130410 _lUCH01 _h1153 |
||
| 590 |
_aBATCH-UPD _b10 _c20130914 _lUCH01 _h0733 |
||
| 590 |
_aCONVERSION _b10 _c20130109 _lUCH01 _h1329 |
||
| 650 | 1 | 4 |
_aBotánica. _914477 |
| 901 | _aBK | ||
| 942 | _cLIBRO | ||
| 949 |
_a580 R6 1984 _bBC _cLIBRO _d33724000501987 _eLIBRO _h62541 _i58342 _si |
||
| 999 |
_c53219 _d53219 |
||